La reproducción humana /

Guardado en:
Autor Corporativo: Videopedia Britannica.
Formato: Deslizar
Materias:
Etiquetas: Agregar Etiqueta
Sin Etiquetas, Sea el primero en etiquetar este registro!
LEADER 01025ngm a22002775g 4500
001 CEM.cems021572
008 130507b199?##################0###0#####d
005 20240828170212.0
245 1 0 |a La reproducción humana /  |c Videopedia Britannica 
300 |a 26 
500 |a En soporte VHS, consultar en ventanilla. 
505 0 |a Herencia genética. Sistema reproductor masculino y femenino. Roles fundamentales en el proceso reproductivo del varón y de la mujer. Ciclo menstrual. Gestación. Meiosis. Etapa del desarrollo del feto. Parto. 
538 |a Soporte: VHS - Norma: Pal N - Color - Compra CEMS - Hitachi=0000 
110 2 |a Videopedia Britannica. 
082 6 1 |. 9/VID 
653 |a ANATOMIA 
653 |a APARATO REPRODUCTOR 
653 |a REPRODUCCION HUMANA 
653 |a PARTO 
653 |a MEIOSIS 
653 |a BIOLOGIA 
653 |a HERENCIA GENETICA 
653 |a CICLO MENSTRUAL 
653 |a FETO 
653 |a NIVEL SECUNDARIO 
859 |a CEMS  |b BIB. CEMS - Depto. Recursos Didacticos  |h 613.9  |i VID  |k DRD  |p 215.12  |t Ej.1